000 00586nam a2200121Ia 4500
008 171212s9999 xx 000 0 und d
100 _aStearns, Peter N.
245 _cStearns, Peter N.
_aAmerican Cool
_bConstructing a Twentieth-Century Emotional Style
260 _bNew York University Press
_c1994
650 _aHistory
650 _aUnited States -- Social life and customs -- 20th century -- Psychological aspects; Middle class -- United States -- Psychology; Emotions -- Social aspects -- United States -- History -- 20th century
856 _uhttp://www.jstor.org/stable/j.ctt9qfnwf
999 _c351516
_d351516